[Event "CAN-op"]
[Site "Victoria CAN"]
[Date "2012.07.09"]
[Round "4"]
[White "Yam, Alex"]
[Black "Wang, Richard"]
[Result "0-1"]
[WhiteElo "2252"]
[BlackElo "2322"]
[PlyCount "48"]
[GameId "2160767909442636"]
[EventDate "2012.07.08"]
[EventType "swiss"]
[EventRounds "9"]
[EventCountry "CAN"]
[SourceTitle "CBM 149 Extra"]
[Source "ChessBase"]
[SourceDate "2012.08.24"]
[SourceVersion "1"]
[SourceVersionDate "2012.08.24"]
[SourceQuality "1"]

1. e4 c5 2. Nc3 Nc6 3. f4 e6 4. Nf3 d5 5. Bb5 Nge7 6. exd5 exd5 7. Qe2 g6 8. d4 Bg7 9. Bxc6+ bxc6 10. dxc5 Qa5 11. Be3 Bg4 12. O-O-O Bxc3 13. bxc3 O-O 14. Bf2 Rfe8 15. Rhe1 Bf5 16. Qe5 Qxa2 17. Re2 Rab8 18. Ne1 Bg4 19. Rd3 Qa1+ 20. Kd2 Rb1 21. Bd4 Rd1+ 22. Ke3 Nf5+ 23. Kf2 Rxe5 24. Rxe5 Nxd4 0-1

[Event "CAN-op"]
[Site "Victoria CAN"]
[Date "2012.07.09"]
[Round "4"]
[White "Yearwood, Roy"]
[Black "Herdin, Matthew"]
[Result "1-0"]
[WhiteElo "2106"]
[BlackElo "1923"]
[PlyCount "106"]
[GameId "2160767909442637"]
[EventDate "2012.07.08"]
[EventType "swiss"]
[EventRounds "9"]
[EventCountry "CAN"]

1. b4 Nf6 2. Bb2 g6 3. Nf3 Bg7 4. d4 d6 5. c4 Nbd7 6. Nbd2 O-O 7. e4 e5 8. d5 a5 9. a3 b6 10. Be2 h6 11. O-O Nh7 12. Ne1 f5 13. Nd3 Ndf6 14. f3 f4 15. c5 Ba6 16. Rc1 Nd7 17. cxd6 cxd6 18. Rc6 Nb8 19. Rc3 Nd7 20. Nf2 b5 21. bxa5 Nc5 22. Nb3 Nxb3 23. Qxb3 b4 24. Rc2 Bxe2 25. Rxe2 bxa3 26. Bc3 Qc7 27. Qxa3 Rfc8 28. Bb4 Bf8 29. Nd3 Nf6 30. Rc1 Qa7+ 31. Kf1 Qd4 32. Rec2 Rxc2 33. Rxc2 g5 34. Qc3 Qe3 35. Nb2 Qa7 36. Na4 g4 37. Nb6 Rb8 38. Qc7 Rb7 39. Qc8 Qa6+ 40. Qc4 Qa7 41. Qb5 Nd7 42. Rc6 Nb8 43. Rc8 Rc7 44. Bxd6 Rxc8 45. Nxc8 Qe3 46. Qc4 gxf3 47. gxf3 Qxf3+ 48. Ke1 Qe3+ 49. Kd1 f3 50. Ne7+ Kf7 51. Nf5 Qg1+ 52. Kc2 f2 53. Qc7+ Kg6 1-0

[Event "CAN-op"]
[Site "Victoria CAN"]
[Date "2012.07.09"]
[Round "4"]
[White "Zhou, Jiehan"]
[Black "Hannan, Kelsey"]
[Result "1/2-1/2"]
[WhiteElo "1734"]
[BlackElo "1749"]
[PlyCount "114"]
[GameId "2160767909442638"]
[EventDate "2012.07.08"]
[EventType "swiss"]
[EventRounds "9"]
[EventCountry "CAN"]
[SourceTitle "EXT 2022"]
[Source "ChessBase"]
[SourceDate "2021.10.06"]
[SourceVersion "1"]
[SourceVersionDate "2021.10.06"]
[SourceQuality "1"]

1. d4 d5 2. c4 e6 3. Nc3 Nf6 4. e3 c6 5. Nf3 dxc4 6. Bxc4 b5 7. Bd3 Bd6 8. e4 Nfd7 9. e5 Be7 10. O-O b4 11. Ne4 Ba6 12. Nfg5 Bxd3 13. Qxd3 Nxe5 14. Qg3 Ng6 15. h4 Qxd4 16. h5 Ne5 17. Bf4 Nbd7 18. Rfd1 Qxb2 19. Rab1 Qxa2 20. Bxe5 Nxe5 21. Qxe5 O-O 22. Ra1 Qc4 23. Rac1 Qb5 24. Qxb5 cxb5 25. Rd7 Bxg5 26. Nxg5 h6 27. Ne4 a5 28. Rb7 a4 29. Rxb5 b3 30. Rb1 Rfb8 31. Rxb8+ Rxb8 32. Nc5 Ra8 33. f3 f5 34. Kf2 Ra5 35. Nxb3 axb3 36. Rxb3 f4 37. g4 fxg3+ 38. Kxg3 Rxh5 39. Rb7 Kh7 40. Rc7 Rg5+ 41. Kf4 Rf5+ 42. Ke4 Rf6 43. Rb7 Kg6 44. f4 h5 45. Rb1 Kh6 46. Rb3 g6 47. Rb8 Kg7 48. Rb7+ Rf7 49. Rb6 Kf6 50. Rb8 Rh7 51. Rf8+ Ke7 52. Ra8 Kf6 53. Rf8+ Kg7 54. Ra8 Rh8 55. Ra5 Kf6 56. Kf3 h4 57. Kg2 h3+ 1/2-1/2

[Event "CAN-op"]
[Site "Victoria CAN"]
[Date "2012.07.09"]
[Round "4"]
[White "Zhou, Qiyu"]
[Black "Trochtchanovitch, Pavel"]
[Result "1/2-1/2"]
[WhiteElo "1813"]
[BlackElo "2042"]
[PlyCount "154"]
[GameId "2160767909442639"]
[EventDate "2012.07.08"]
[EventType "swiss"]
[EventRounds "9"]
[EventCountry "CAN"]
[SourceTitle "EXT 2014"]
[Source "ChessBase"]
[SourceDate "2013.11.20"]
[SourceVersion "1"]
[SourceVersionDate "2013.11.20"]
[SourceQuality "1"]

1. e4 e5 2. Nf3 Nc6 3. Bb5 a6 4. Ba4 Nf6 5. O-O Be7 6. Re1 b5 7. Bb3 O-O 8. c3 d5 9. d3 Bg4 10. h3 Bh5 11. Nbd2 d4 12. Nf1 Qd6 13. Ng3 Bg6 14. Qe2 Rad8 15. Rd1 Na5 16. cxd4 Nxb3 17. axb3 Nd7 18. dxe5 Nxe5 19. Nxe5 Qxe5 20. Rxa6 Bc5 21. Kf1 Rfe8 22. Qc2 f5 23. exf5 Bxf5 24. Nxf5 Qxf5 25. Kg1 Re5 26. Be3 Bxe3 27. fxe3 Rxe3 28. Qxc7 Rexd3 29. Rf1 Qd7 30. Qxd7 R3xd7 31. Rb6 Rd5 32. Rb7 R8d7 33. Rb8+ Rd8 34. Rxd8+ Rxd8 35. Rf5 Rd2 36. Rxb5 Rxb2 37. Rb7 h6 38. b4 Kh7 39. b5 Kg6 40. Kh2 Rb3 41. b6 h5 42. h4 Kf6 43. Rb8 Kf5 44. Rb7 Kf6 45. g3 Rb2+ 46. Kh3 Kg6 47. Rb8 Kf7 48. b7 Kg6 49. g4 Rb3+ 50. Kg2 hxg4 51. h5+ Kf7 52. Kf2 Rf3+ 53. Ke2 Rb3 54. Ke1 Rb2 55. Kf1 g3 56. Kg1 g2 57. Kh2 g1=B+ 58. Kxg1 Rb1+ 59. Kf2 Rb2+ 60. Ke3 Rb3+ 61. Kd4 Rb4+ 62. Kc5 Rb1 63. h6 Kg6 64. Kd6 Kh7 65. hxg7 Kxg7 66. Kc7 Rc1+ 67. Kb6 Rb1+ 68. Kc7 Rc1+ 69. Kb6 Rb1+ 70. Ka5 Kh7 71. Ka4 Kg7 72. Ka5 Kh7 73. Ka6 Ra1+ 74. Kb5 Rb1+ 75. Kc4 Kg7 76. Kc3 Kh7 77. Kc2 Rb6 1/2-1/2

[Event "CAN-op"]
[Site "Victoria CAN"]
[Date "2012.07.09"]
[Round "4"]
[White "Zierk, Steven"]
[Black "Davies, Lucas"]
[Result "1-0"]
[WhiteElo "2478"]
[BlackElo "2174"]
[PlyCount "99"]
[GameId "2160767909442640"]
[EventDate "2012.07.08"]
[EventType "swiss"]
[EventRounds "9"]
[EventCountry "CAN"]
[SourceTitle "CBM 149 Extra"]
[Source "ChessBase"]
[SourceDate "2012.08.24"]
[SourceVersion "1"]
[SourceVersionDate "2012.08.24"]
[SourceQuality "1"]

1. e4 c6 2. d4 d5 3. Nc3 dxe4 4. Nxe4 Nf6 5. Nxf6+ gxf6 6. Bc4 Bf5 7. c3 e6 8. Ne2 Bd6 9. Nf4 Rg8 10. Qf3 Nd7 11. h3 Qc7 12. g4 Bc2 13. Nxe6 fxe6 14. Qe2 Nb6 15. Bxe6 Rg7 16. Qxc2 Re7 17. Qe2 Bf4 18. O-O Bxc1 19. Raxc1 Nd5 20. Rce1 Nf4 21. Qc4 Nxh3+ 22. Kg2 Nf4+ 23. Kh1 b5 24. Qb3 Nxe6 25. Rxe6 Qf4 26. f3 Qg3 27. Rxe7+ Kxe7 28. Qc2 Qh3+ 29. Kg1 Qg3+ 30. Qg2 Qxg2+ 31. Kxg2 Kf7 32. Rh1 Kg6 33. Rh5 Rd8 34. Rc5 Rd6 35. f4 Kf7 36. Kf3 Kg6 37. Ke4 Re6+ 38. Kd3 Rd6 39. Kc2 Kf7 40. Kb3 Re6 41. Kb4 Ke8 42. Rh5 Re7 43. Kc5 Kd7 44. Rh6 Rf7 45. b3 Kc7 46. g5 fxg5 47. Rxc6+ Kb7 48. fxg5 Rf5+ 49. d5 Rxg5 50. Rh6 1-0

[Event "CAN-op"]
[Site "Victoria CAN"]
[Date "2012.07.10"]
[Round "5"]
[White "Awatramani, Janak"]
[Black "Moore, Harry"]
[Result "1-0"]
[WhiteElo "2129"]
[BlackElo "2279"]
[PlyCount "99"]
[GameId "2160767909442641"]
[EventDate "2012.07.08"]
[EventType "swiss"]
[EventRounds "9"]
[EventCountry "CAN"]

1. g3 d5 2. Bg2 Nf6 3. d3 c6 4. Nc3 h6 5. e4 dxe4 6. dxe4 Qxd1+ 7. Nxd1 e5 8. Ne2 Bc5 9. Be3 Na6 10. f3 O-O 11. Nec3 Rd8 12. Bf1 Bd4 13. Bxa6 bxa6 14. Na4 Bh3 15. c3 Bg2 16. Rg1 Bxe3 17. Rxg2 Bb6 18. b3 Rd3 19. Nab2 Rd7 20. Re2 Nh7 21. Ne3 Ng5 22. Kf2 Rad8 23. Nbc4 f6 24. h4 Ne6 25. Nxb6 axb6 26. Rc1 Rd3 27. Nc4 b5 28. Nb2 R3d7 29. Ke1 Nc5 30. Rcc2 Kf7 31. Rcd2 Nd3+ 32. Nxd3 Rxd3 33. c4 b4 34. Rxd3 Rxd3 35. Kf2 Ke6 36. Re3 Rd4 37. Ke2 c5 38. Rd3 f5 39. exf5+ Kxf5 40. Ke3 h5 41. Rd2 g5 42. hxg5 Kxg5 43. Rh2 h4 44. Rxh4 Rd1 45. Rh2 Re1+ 46. Kd3 Rd1+ 47. Ke4 Rg1 48. f4+ exf4 49. gxf4+ Kg6 50. Rd2 1-0

[Event "CAN-op"]
[Site "Victoria CAN"]
[Date "2012.07.10"]
[Round "5"]
[White "Babb, Jeff"]
[Black "Jiganchine, Roman"]
[Result "1/2-1/2"]
[WhiteElo "2144"]
[BlackElo "2230"]
[PlyCount "43"]
[GameId "2160767909442642"]
[EventDate "2012.07.08"]
[EventType "swiss"]
[EventRounds "9"]
[EventCountry "CAN"]
[SourceTitle "EXT 2014"]
[Source "ChessBase"]
[SourceDate "2013.11.20"]
[SourceVersion "1"]
[SourceVersionDate "2013.11.20"]
[SourceQuality "1"]

1. f4 d5 2. e3 Nf6 3. Nf3 Bg4 4. h3 Bxf3 5. Qxf3 Nc6 6. Bb5 Qd6 7. b3 O-O-O 8. Ba3 Qe6 9. O-O a6 10. Bd3 Qd7 11. Bb2 Nb4 12. a3 Nxd3 13. cxd3 Qb5 14. Bxf6 gxf6 15. d4 Qxb3 16. Nc3 e6 17. Rfb1 Qc4 18. Rb2 h5 19. Qd1 Bd6 20. Na4 Qd3 21. Rb3 Qe4 22. Nc3 1/2-1/2

[Event "CAN-op"]
[Site "Victoria CAN"]
[Date "2012.07.10"]
[Round "5"]
[White "Barron, Michael"]
[Black "Cao, Jason"]
[Result "1-0"]
[WhiteElo "2173"]
[BlackElo "2016"]
[PlyCount "99"]
[GameId "2160767909442643"]
[EventDate "2012.07.08"]
[EventType "swiss"]
[EventRounds "9"]
[EventCountry "CAN"]
[SourceTitle "CBM 149 Extra"]
[Source "ChessBase"]
[SourceDate "2012.08.24"]
[SourceVersion "1"]
[SourceVersionDate "2012.08.24"]
[SourceQuality "1"]

1. e4 c5 2. Nf3 d6 3. d4 cxd4 4. Nxd4 Nf6 5. Nc3 a6 6. Be2 e5 7. Nb3 Be7 8. O-O O-O 9. a4 Be6 10. f4 exf4 11. Bxf4 Nc6 12. Kh1 d5 13. e5 Nd7 14. Nxd5 Ndxe5 15. Nxe7+ Qxe7 16. Nd4 Nxd4 17. Qxd4 Ng6 18. Bd6 Qd7 19. Rad1 Rfc8 20. Rd2 Rd8 21. Rfd1 Rac8 22. b3 Bf5 23. c4 Re8 24. Bf3 Re6 25. g4 Nh4 26. gxf5 Re1+ 27. Rxe1 Nxf3 28. Qe3 Nxe1 29. Qxe1 Qxf5 30. Kg2 Rd8 31. Bg3 Rxd2+ 32. Qxd2 Qe4+ 33. Kf2 h6 34. Qd8+ Kh7 35. Qd5 Qc2+ 36. Ke3 Qxb3+ 37. Qd3+ Qxd3+ 38. Kxd3 f5 39. Kd4 g5 40. Bc7 f4 41. a5 Kg6 42. Ke4 h5 43. Bd8 h4 44. Be7 Kh5 45. Kf3 h3 46. Bb4 Kh4 47. Be1+ Kh5 48. Bf2 Kg6 49. Kg4 Kf6 50. Bb6 1-0

[Event "CAN-op"]
[Site "Victoria CAN"]
[Date "2012.07.10"]
[Round "5"]
[White "Cannon, Farley"]
[Black "Leblanc, Paul"]
[Result "0-1"]
[WhiteElo "1720"]
[BlackElo "1887"]
[PlyCount "52"]
[GameId "2160767909442645"]
[EventDate "2012.07.08"]
[EventType "swiss"]
[EventRounds "9"]
[EventCountry "CAN"]
[SourceTitle "EXT 2022"]
[Source "ChessBase"]
[SourceDate "2021.10.06"]
[SourceVersion "1"]
[SourceVersionDate "2021.10.06"]
[SourceQuality "1"]

1. e4 c6 2. d4 g6 3. Nf3 Bg7 4. Nc3 d5 5. e5 Nh6 6. h3 O-O 7. Bg5 f6 8. Bf4 Nf7 9. Qd2 e6 10. O-O-O fxe5 11. dxe5 c5 12. h4 Nc6 13. Re1 h5 14. Bd3 Kh7 15. Ng5+ Nxg5 16. hxg5 Ne7 17. Rxh5+ Kg8 18. Rh2 c4 19. Bf1 Bd7 20. Rd1 b5 21. Ne4 dxe4 22. Qxd7 Qxd7 23. Rxd7 Rxf4 24. Rxe7 Rxf2 25. Rh1 Raf8 26. Bxc4 bxc4 0-1

[Event "CAN-op"]
[Site "Victoria CAN"]
[Date "2012.07.10"]
[Round "5"]
[White "Cheng, Jack"]
[Black "Rohonyan, Katerina"]
[Result "1-0"]
[WhiteElo "1987"]
[BlackElo "2294"]
[PlyCount "67"]
[GameId "2160767909442646"]
[EventDate "2012.07.08"]
[EventType "swiss"]
[EventRounds "9"]
[EventCountry "CAN"]
[SourceTitle "CBM 149 Extra"]
[Source "ChessBase"]
[SourceDate "2012.08.24"]
[SourceVersion "1"]
[SourceVersionDate "2012.08.24"]
[SourceQuality "1"]

1. e4 c5 2. Nf3 d6 3. d4 cxd4 4. Nxd4 Nf6 5. Nc3 Bd7 6. Be2 e5 7. Ndb5 Bc6 8. Nd5 Nxd5 9. exd5 Bd7 10. a4 Be7 11. a5 O-O 12. Be3 Bxb5 13. Bxb5 f5 14. O-O a6 15. Be2 Nd7 16. f3 Bg5 17. Bxg5 Qxg5 18. Qc1 Qxc1 19. Rfxc1 Rac8 20. c4 Rc7 21. Rc3 Kf7 22. Rac1 Ke7 23. Bd1 Rfc8 24. Ba4 Nf6 25. R3c2 g6 26. b4 Rb8 27. Kf2 Kd8 28. c5 Nxd5 29. Rd1 Nxb4 30. Rxd6+ Ke7 31. Rb2 Rxc5 32. Rd7+ Ke6 33. Rxb4 Rxa5 34. Rb6# 1-0

[Event "CAN-op"]
[Site "Victoria CAN"]
[Date "2012.07.10"]
[Round "5"]
[White "Diemert, Elroy"]
[Black "Dunn, Garth"]
[Result "1-0"]
[WhiteElo "1661"]
[BlackElo "1741"]
[PlyCount "80"]
[GameId "2160767909442647"]
[EventDate "2012.07.08"]
[EventType "swiss"]
[EventRounds "9"]
[EventCountry "CAN"]
[SourceTitle "EXT 2022"]
[Source "ChessBase"]
[SourceDate "2021.10.06"]
[SourceVersion "1"]
[SourceVersionDate "2021.10.06"]
[SourceQuality "1"]

1. e4 c5 2. d4 cxd4 3. c3 dxc3 4. Nxc3 g6 5. Nf3 Bg7 6. Bc4 Nc6 7. O-O d6 8. Bb3 Nf6 9. e5 dxe5 10. Qxd8+ Nxd8 11. Nb5 O-O 12. Nxe5 Ne8 13. Rd1 Be6 14. Bxe6 Bxe5 15. Bb3 a6 16. Nd4 Nf6 17. Bh6 Re8 18. f4 Bc7 19. Ba4 b5 20. Nxb5 axb5 21. Bxb5 Bb6+ 22. Kf1 Ng4 23. Bxe8 Nxh6 24. Bd7 e6 25. Ke2 Nf5 26. a4 Ra7 27. Bb5 Nd4+ 28. Kd3 Nb7 29. b4 Nd6 30. Bc4 Nxc4 31. Kxc4 Rc7+ 32. Kd3 Nc2 33. Rab1 Ne3 34. Rd2 Rd7+ 35. Ke2 Nd5 36. Kf3 Be3 37. Rxd5 Rxd5 38. Kxe3 Kf8 39. a5 Rb5 40. a6 Ke7 1-0

[Event "CAN-op"]
[Site "Victoria CAN"]
[Date "2012.07.10"]
[Round "5"]
[White "Fedorowicz, John"]
[Black "Ummel, Igor"]
[Result "1-0"]
[WhiteElo "2440"]
[BlackElo "2171"]
[PlyCount "57"]
[GameId "2160767909442648"]
[EventDate "2012.07.08"]
[EventType "swiss"]
[EventRounds "9"]
[EventCountry "CAN"]
[SourceTitle "CBM 149 Extra"]
[Source "ChessBase"]
[SourceDate "2012.08.24"]
[SourceVersion "1"]
[SourceVersionDate "2012.08.24"]
[SourceQuality "1"]

1. d4 c5 2. d5 e6 3. e4 exd5 4. exd5 Nf6 5. c4 d6 6. Bd3 g6 7. Nc3 Bg7 8. Qe2+ Qe7 9. Bf4 Qxe2+ 10. Ngxe2 Kd7 11. h3 Na6 12. O-O Nc7 13. a4 Na6 14. Rae1 Nb4 15. Bb1 b6 16. Ng3 Ba6 17. b3 Nh5 18. Bd2 Nxg3 19. fxg3 Bd4+ 20. Kh1 f6 21. Ne4 Rhf8 22. Bh6 Rf7 23. Bf4 Nxd5 24. cxd5 Bxf1 25. Rxf1 Re7 26. Bd3 Rd8 27. Nxd6 Be5 28. Bxe5 Rxe5 29. Nf7 1-0

[Event "CAN-op"]
[Site "Victoria CAN"]
[Date "2012.07.10"]
[Round "5"]
[White "Fiedler, Brian"]
[Black "Zhou, Qiyu"]
[Result "1/2-1/2"]
[WhiteElo "2066"]
[BlackElo "1813"]
[PlyCount "107"]
[GameId "2160767909442649"]
[EventDate "2012.07.08"]
[EventType "swiss"]
[EventRounds "9"]
[EventCountry "CAN"]
[SourceTitle "CBM 149 Extra"]
[Source "ChessBase"]
[SourceDate "2012.08.24"]
[SourceVersion "1"]
[SourceVersionDate "2012.08.24"]
[SourceQuality "1"]

1. c4 e5 2. Nc3 Nf6 3. Nf3 Nc6 4. g3 d5 5. cxd5 Nxd5 6. d3 Be7 7. Bg2 Nb6 8. O-O O-O 9. a3 Be6 10. b4 a6 11. Bb2 f6 12. Rc1 Qd7 13. Re1 Rfd8 14. Ne4 Nd5 15. Nc5 Bxc5 16. Rxc5 Qe7 17. Qc2 Rac8 18. Rc1 Rd7 19. Qb1 Na7 20. Nd2 c6 21. R5c2 Nb6 22. Ne4 Na4 23. Nc5 Nxc5 24. Rxc5 Nb5 25. a4 Nd4 26. Bxd4 Rxd4 27. e3 Rdd8 28. b5 cxb5 29. Rxc8 Bxc8 30. axb5 Bf5 31. b6 Rd7 32. Rc8+ Kf7 33. Rb8 Be6 34. d4 g6 35. d5 Bxd5 36. Bxd5+ Rxd5 37. Qb3 Qe6 38. Rxb7+ Kg8 39. Rb8+ Kg7 40. Re8 Qc6 41. b7 Rc5 42. Qg8+ Kh6 43. Qf8+ Kh5 44. Qxc5 Qxc5 45. b8=Q Qc1+ 46. Kg2 Qc6+ 47. f3 Qc2+ 48. Kh3 Qd1 49. Rxe5+ fxe5 50. g4+ Kg5 51. f4+ Kf6 52. Qf8+ Ke6 53. Qe8+ Kf6 54. Qf8+ 1/2-1/2

[Event "CAN-op"]
[Site "Victoria CAN"]
[Date "2012.07.10"]
[Round "5"]
[White "Gates, David"]
[Black "O'Brien, Frank"]
[Result "0-1"]
[WhiteElo "1705"]
[BlackElo "1788"]
[PlyCount "74"]
[GameId "2160767909442651"]
[EventDate "2012.07.08"]
[EventType "swiss"]
[EventRounds "9"]
[EventCountry "CAN"]
[SourceTitle "EXT 2022"]
[Source "ChessBase"]
[SourceDate "2021.10.06"]
[SourceVersion "1"]
[SourceVersionDate "2021.10.06"]
[SourceQuality "1"]

1. e4 e5 2. Nf3 Nc6 3. Bb5 a6 4. Ba4 Nf6 5. d3 Bc5 6. O-O b5 7. Bb3 h6 8. c3 O-O 9. Bc2 d5 10. exd5 Qxd5 11. Bb3 Qd6 12. h3 Bf5 13. d4 exd4 14. cxd4 Nxd4 15. Nxd4 Bxd4 16. Nd2 Bd3 17. Re1 Qb6 18. Qf3 Rae8 19. Rxe8 Rxe8 20. Qxd3 Re1+ 21. Nf1 Bxf2+ 22. Kh1 Nh5 23. Kh2 Rxf1 24. Qxf1 Qd6+ 25. g3 Qxg3+ 26. Kh1 Qf3+ 27. Qg2 Ng3+ 28. Kh2 Nf1+ 29. Qxf1 Bg3+ 30. Kg1 Bh2+ 31. Kxh2 Qxf1 32. a3 c5 33. Ba2 c4 34. Rb1 f5 35. h4 f4 36. h5 Qf2+ 37. Kh1 f3 0-1

[Event "CAN-op"]
[Site "Victoria CAN"]
[Date "2012.07.10"]
[Round "5"]
[White "Gedajlovic, Max"]
[Black "White, Chris"]
[Result "1-0"]
[WhiteElo "1601"]
[BlackElo "1789"]
[PlyCount "55"]
[GameId "2160767909442652"]
[EventDate "2012.07.08"]
[EventType "swiss"]
[EventRounds "9"]
[EventCountry "CAN"]
[SourceTitle "EXT 2022"]
[Source "ChessBase"]
[SourceDate "2021.10.06"]
[SourceVersion "1"]
[SourceVersionDate "2021.10.06"]
[SourceQuality "1"]

1. d4 d5 2. c4 e6 3. Nc3 Nf6 4. Bg5 c6 5. Nf3 Nbd7 6. e3 Qa5 7. Nd2 dxc4 8. Bxf6 Nxf6 9. Nxc4 Qg5 10. Qc2 Be7 11. O-O-O b5 12. Ne5 Bd7 13. h4 Qh6 14. Be2 Bd6 15. g4 g5 16. f4 Nd5 17. hxg5 Qf8 18. Nxd5 Bxe5 19. Nf6+ Bxf6 20. gxf6 Rc8 21. Rxh7 c5 22. d5 c4 23. g5 c3 24. b4 Rxh7 25. Qxh7 Qxb4 26. Qh8+ Qf8 27. Rh1 exd5 28. Qxf8+ 1-0

[Event "CAN-op"]
[Site "Victoria CAN"]
[Date "2012.07.10"]
[Round "5"]
[White "Jessa, Omar"]
[Black "Han, Yiming"]
[Result "0-1"]
[WhiteElo "1853"]
[BlackElo "1968"]
[PlyCount "50"]
[GameId "2160767909442653"]
[EventDate "2012.07.08"]
[EventType "swiss"]
[EventRounds "9"]
[EventCountry "CAN"]

1. g3 d5 2. Nf3 Nf6 3. Bg2 e6 4. O-O Bd6 5. d3 O-O 6. Nbd2 Nbd7 7. e4 c6 8. Re1 e5 9. a4 d4 10. Nc4 Bc7 11. Bg5 h6 12. Bd2 a5 13. Bh3 b5 14. Na3 Ba6 15. Nh4 b4 16. Nc4 Nc5 17. b3 Bxc4 18. bxc4 Rb8 19. Nf5 b3 20. Rb1 b2 21. Bxh6 gxh6 22. Nxh6+ Kh8 23. Qd2 Nh7 24. Qe2 Qg5 25. Nf5 Nxa4 0-1

[Event "CAN-op"]
[Site "Victoria CAN"]
[Date "2012.07.10"]
[Round "5"]
[White "Kazmaier, Daniel"]
[Black "Lindholdt, Malik"]
[Result "1-0"]
[WhiteElo "2327"]
[BlackElo "1992"]
[PlyCount "53"]
[GameId "2160767909508190"]
[EventDate "2012.07.08"]
[EventType "swiss"]
[EventRounds "9"]
[EventCountry "CAN"]

1. e4 c5 2. Nf3 d6 3. c3 Nf6 4. Be2 Nc6 5. d4 e6 6. Nbd2 g6 7. O-O Bg7 8. Bb5 Bd7 9. dxc5 dxc5 10. Nc4 Nxe4 11. Re1 f5 12. Nd6+ Nxd6 13. Qxd6 Qe7 14. Qc7 O-O 15. Bxc6 bxc6 16. Bg5 Qf7 17. Rad1 Bc8 18. Qd6 e5 19. Nxe5 Qxa2 20. Qxc6 Rb8 21. c4 Bxe5 22. Qd5+ Rf7 23. Qxe5 Qxb2 24. Rd8+ Rf8 25. Rxf8+ Kxf8 26. Qe8+ Kg7 27. Re7# 1-0

[Event "CAN-op"]
[Site "Victoria CAN"]
[Date "2012.07.10"]
[Round "5"]
[White "Kenney, Jason"]
[Black "Reeve, Jeff"]
[Result "1/2-1/2"]
[WhiteElo "2136"]
[BlackElo "2234"]
[PlyCount "88"]
[GameId "2160767909508191"]
[EventDate "2012.07.08"]
[EventType "swiss"]
[EventRounds "9"]
[EventCountry "CAN"]
[SourceTitle "CBM 149 Extra"]
[Source "ChessBase"]
[SourceDate "2012.08.24"]
[SourceVersion "1"]
[SourceVersionDate "2012.08.24"]
[SourceQuality "1"]

1. d4 Nf6 2. c4 c5 3. d5 b5 4. cxb5 a6 5. f3 e6 6. e4 exd5 7. e5 Qe7 8. Qe2 Ng8 9. Nc3 Bb7 10. Nh3 c4 11. Nf4 Qc5 12. Nfxd5 Bxd5 13. Be3 Qb4 14. a3 Qa5 15. Bd2 Be6 16. Nd5 Qd8 17. Qxc4 Be7 18. Nc7+ Kf8 19. Qe4 Qxc7 20. Rc1 Nc6 21. bxc6 d5 22. Qd4 h5 23. b4 Nh6 24. Bd3 g6 25. a4 Kg7 26. b5 axb5 27. axb5 Rhb8 28. O-O Nf5 29. Bxf5 Bxf5 30. g4 hxg4 31. fxg4 Be6 32. Rb1 Ra2 33. Rfc1 Rxd2 34. Qxd2 Qxe5 35. b6 Bg5 36. Re1 Qf6 37. Qf2 Qxf2+ 38. Kxf2 Bh4+ 39. Kf3 Bxe1 40. c7 Rb7 41. Rxe1 Bc8 42. Re8 Rxb6 43. Rxc8 Rc6 44. g5 Rc4 1/2-1/2

[Event "CAN-op"]
[Site "Victoria CAN"]
[Date "2012.07.10"]
[Round "5"]
[White "Kong, Dezheng"]
[Black "Ozkan, Charlie"]
[Result "1/2-1/2"]
[WhiteElo "2057"]
[BlackElo "1967"]
[PlyCount "159"]
[GameId "2160767909508192"]
[EventDate "2012.07.08"]
[EventType "swiss"]
[EventRounds "9"]
[EventCountry "CAN"]
[SourceTitle "CBM 149 Extra"]
[Source "ChessBase"]
[SourceDate "2012.08.24"]
[SourceVersion "1"]
[SourceVersionDate "2012.08.24"]
[SourceQuality "1"]

1. d4 d5 2. Nf3 Nf6 3. c4 c6 4. Nc3 g6 5. cxd5 cxd5 6. Bf4 Bg7 7. e3 O-O 8. Be2 a6 9. Qb3 Nc6 10. Ne5 Qa5 11. O-O Rd8 12. Rac1 Nxe5 13. Bxe5 Ne4 14. Nxe4 Bxe5 15. Rc5 b5 16. Rxd5 Be6 17. Rxd8+ Rxd8 18. Qc3 Qxc3 19. Nxc3 Bc7 20. a3 Bb3 21. Rc1 Bb6 22. Bd1 Be6 23. b4 f5 24. Bf3 Rd7 25. a4 Rc7 26. axb5 axb5 27. Ne2 Rxc1+ 28. Nxc1 Bc4 29. Be2 Bxe2 30. Nxe2 Bc7 31. Nc1 e5 32. Kf1 Kf7 33. Ke2 exd4 34. exd4 Bd6 35. Na2 Ke6 36. g3 g5 37. f3 h5 38. Kd3 h4 39. gxh4 g4 40. fxg4 fxg4 41. Ke4 Bxh2 42. d5+ Kf6 43. Nc3 Bg3 44. Nxb5 Bxh4 45. Nd4 g3 46. Ne2 g2 47. d6 Ke6 48. Nf4+ Kxd6 49. Nxg2 Bf2 50. Kd3 Kc6 51. Kc4 Kb6 52. b5 Bg1 53. Nf4 Bf2 54. Nd3 Bg1 55. Kb4 Be3 56. Ne5 Bc5+ 57. Ka4 Bf2 58. Nc4+ Kb7 59. Kb4 Be1+ 60. Kc5 Bf2+ 61. Kd5 Bg1 62. Ke4 Bf2 63. Kf3 Bg1 64. Ke2 Bc5 65. Kd3 Bf2 66. Nb2 Kb6 67. Kc4 Kb7 68. Na4 Be3 69. Nc3 Bf2 70. Ne4 Be3 71. Nd6+ Kb6 72. Nc8+ Kc7 73. Ne7 Kb7 74. Nf5 Bf2 75. Nd6+ Kb6 76. Ne4 Be3 77. Nc3 Bf2 78. Na4+ Kb7 79. Nc5+ Kb6 80. Nd3 1/2-1/2

[Event "CAN-op"]
[Site "Victoria CAN"]
[Date "2012.07.10"]
[Round "5"]
[White "Kosinski, George"]
[Black "Lee, Andrew"]
[Result "1-0"]
[WhiteElo "1773"]
[BlackElo "1682"]
[PlyCount "107"]
[GameId "2160767909508193"]
[EventDate "2012.07.08"]
[EventType "swiss"]
[EventRounds "9"]
[EventCountry "CAN"]
[SourceTitle "EXT 2022"]
[Source "ChessBase"]
[SourceDate "2021.10.06"]
[SourceVersion "1"]
[SourceVersionDate "2021.10.06"]
[SourceQuality "1"]

1. c4 Nf6 2. g3 e6 3. Bg2 d5 4. Nf3 Bd6 5. O-O O-O 6. b3 Bd7 7. Bb2 dxc4 8. bxc4 Bc6 9. d3 Nbd7 10. e4 e5 11. a4 Re8 12. Qc2 Nc5 13. Nc3 Qe7 14. Nd5 Bxd5 15. cxd5 Qd7 16. d4 exd4 17. e5 Nxd5 18. exd6 Qxd6 19. Bxd4 Ne6 20. Be5 Qe7 21. Bb2 Rad8 22. Rad1 c6 23. h4 Qc5 24. Qxc5 Nxc5 25. a5 a6 26. Nd4 Rd7 27. Bh3 Rdd8 28. Bf5 Ne4 29. Bxe4 Rxe4 30. Rfe1 Rde8 31. Rxe4 Rxe4 32. Kf1 Re8 33. Nf5 f6 34. Re1 Rd8 35. Ne7+ Kf7 36. Nxd5 Rxd5 37. Bc3 Rc5 38. Re3 Rd5 39. Ke2 h6 40. Rd3 Rc5 41. Kd2 Ke6 42. Rd8 Rb5 43. Rg8 Kf7 44. Rb8 Ke6 45. Kc2 Kf5 46. Kd3 g5 47. Rf8 gxh4 48. Rxf6+ Kg4 49. Rf4+ Kg5 50. Rxh4 b6 51. Bd2+ Kg6 52. Rxh6+ Kg7 53. Rxc6 bxa5 54. Rxa6 1-0